| 000 | 01535nam a2200157Ia 4500 | ||
|---|---|---|---|
| 005 | 20260209120125.0 | ||
| 008 | 260209s9999||||xx |||||||||||||| ||und|| | ||
| 100 | _aSuman Dutta | ||
| 245 | 0 | _aIncorporation of company and its tax liabilities vis-a-vis incorporation | |
| 260 |
_aBangaloreBangalore _bNLSIU _c2008 |
||
| 300 | _a95 p. ; 25 cm. | ||
| 505 | _aContents Chapter I Introduction; Chapter" Incorporation of a Company; • Meaning of incorporation; • Reasons for incorporation; • Various modes of incorporation; • Certificate of incorporation and its effect; Chapter III Types of Company; • Companies under the Companies Act; • Companies under the IT Act.; Chapter IV Steps to Formation of a Company; • Planning stage; • Promotional stage; • Registration of certain documents; Chapter IV Promotion of a Company; • Who is a promoter; • What is the relation between the promoter and the company?; • The fiduciary duties of the promoters; • Functions' of the promoter; • Promoter's liability; • Remuneration of the promoter; Chapter V Preliminary Contracts/ Pre-incorporation Contracts; Chapter VI How does property gets transferred from promoters to the incorporated company?; Chapter VII Tax Implications; • Tax on pre-incorporation profit; • Taxation and setting up of business; Conclusion. | ||
| 650 | _aFormation of a Company Promation of a Company Types of Company | ||
| 700 | _aProf. N R Krishnan - GuideProf. N R Krishnan - Guide | ||
| 856 | _uhttps://dans.nls.ac.in/handle/123456789/1431 | ||
| 999 |
_c216857 _d216857 |
||